José Castán Tobeñas, 1889-1969
Gespeichert in:
| 1. Verfasser: | |
|---|---|
| Format: | Buch |
| Sprache: | Spanisch |
| Veröffentlicht: |
Madrid
Abella
2002
|
| Schlagworte: | |
| Tags: |
Tag hinzufügen
Keine Tags, Fügen Sie den ersten Tag hinzu!
|
MARC
| LEADER | 00000nam a2200000 a 4500 | ||
|---|---|---|---|
| 001 | UCL6373 | ||
| 003 | CL-VaPUC | ||
| 008 | 040402e20020000SP |||||||||||||||||spa|d | ||
| 082 | 0 | 4 | |a 340.092 |b MAR |2 21 |
| 100 | |a Marín Castán, María Luisa |e autora |9 484041 | ||
| 245 | 1 | 0 | |a José Castán Tobeñas, 1889-1969 |
| 300 | |a 8 p | ||
| 942 | |c BK | ||
| 945 | |d 20040402 00:00:00 |a cmena | ||
| 260 | |a Madrid |b Abella |c 2002 | ||
| 500 | |a Publicado en el libro: El consultor de los ayuntamientos y de los juzgados, historia de una institución sesquicentenaria | ||
| 600 | 0 | |a Castan Tobeñas, José, |d 1889-1969 |9 386245 | |
| 650 | 0 | |a Juristas |9 255986 | |
| 650 | 0 | |a Biografías |9 255210 | |
| 583 | |a last modification |c 20040402 00:00:00 |k Rodrigo Vera | ||
| 999 | |c 308485 |d 308483 | ||
| 952 | |0 0 |1 0 |2 ddc |4 0 |6 340_092000000000000_MAR_2002 |7 0 |8 A |9 375050 |a BIBDER |b BIBDER |d 2019-11-21 |i 4002415 |o 340.092 MAR 2002 |p 4002415 |r 2023-01-25 |w 2019-11-21 |y MX |k DER | ||